00785 2200253 4500001002100000005001700021008004100038035002400079040001200103082001700115084002300132090002700155100002600182245009600208260005400304300003500358504002600393650002200419700001900441700002000460700002100480850001200501990001800513INLIS00000000002362320161027154148.0  0010-101600000000575 aYOPDYOG a793.30959852 a793.30959852 Pat T aBTR 793.30959852 Pat T aPattiasina, Jacquelin aTari Legu SalaibJalinan Persahabatan Di Bumi Moloku Kie Rahac/ Jacquelin Pattiasina, dkk. aAmbonbBalai Pelestarian Nilai Budaya Ambonc2014 aiv, 14 hlm.b: ilus.c; 21 cm. aBibliografi : hlm. 14 aTari Daerah Ambon aSanty Nurlette aP.A Syaranamual aPetrus Umen Ebon aYOPDYOG a52958-PD/A.16